US Navy Ranks - Statistics

General Stats
  • This quiz has been taken 301 times
  • The average score is 14 of 26
Answer Stats
Hint Answer % Correct
E-3 Seaman
87%
E-7 Chief Petty Officer
72%
O-3 Lieutenant
70%
E-2 Seaman Apprentice
70%
O-10 Admiral
69%
O-6 Captain
68%
E-1 Seaman Recruit
67%
E-6 Petty Officer First Class
66%
E-5 Petty Officer Second Class
65%
E-4 Petty Officer Third Class
65%
O-5 Commander
64%
E-9 Master Chief Petty Officer
63%
O-1 Ensign
61%
E-8 Senior Chief Petty Officer
57%
O-8 Rear Admiral
55%
O-4 Lieutenant Commander
53%
O-9 Vice Admiral
53%
O-2 Lieutenant Junior Grade
44%
WO-1 Warrant Officer 1
44%
WO-2 Chief Warrant Officer 2
40%
WO-3 Chief Warrant Officer 3
39%
WO-4 Chief Warrant Officer 4
38%
WO-5 Chief Warrant Officer 5
38%
O-7 Rear Admiral Lower Half
37%
E-9 Command Master Chief Petty Officer
25%
E-8 Command Senior Chief Petty Officer
14%
No matching quizzes found
Score Distribution
Percent of People with Each Score
Percentile by Number Answered
Your Score History
You have not taken this quiz